Cargando...

Cheguverayude asthi

Detalles Bibliográficos
Autor principal: Jayakumar R
Formato: Printed Book
Publicado: Kottayam D C Books 2012
Materias:
LEADER 00527nam a22001697a 4500
020 |a 978-81-264-3896-9 
082 |a M301  |b JAY/C 
100 |a Jayakumar R 
245 |a Cheguverayude asthi 
260 |a Kottayam  |b D C Books  |c 2012 
300 |a 144p. 
650 |a Stories Malayalam 
650 |a Literature Malayalam 
650 |a Literature 
942 |c BK 
999 |c 53851  |d 53851 
952 |0 0  |1 0  |4 0  |6 M_301_000000000000000_JAY_C  |7 0  |9 77640  |a SSUS  |b SSUS  |c STACKS  |d 2015-06-09  |g 95.00  |l 2  |o M301 JAY/C  |p 076040  |r 2018-10-09  |s 2018-07-18  |w 2015-06-09  |y BK